000 00756nam a2200253Ia 4500
003 OSt
005 20220918170800.0
006 a|||||r|||| 00| 0
007 ta
008 220917b |||||||| |||| 00| 0 eng d
020 _a9780521279697 (pbk)
_c1736.13
024 _a262,631
037 _b2604, 10/07/2012, The Book Seller
_cTextual
040 _aARTS
_cARTS
_beng
041 _2eng
_aeng
082 _aV:71:f, Q2
100 _aLucas Gavin
_931175
245 0 _aUnderstanding the archaeological record
260 _aNew York
_bCambridge University Press U.S.A
_c2012
300 _axiv, 306p.
_ccm.
650 _aHISTORY
942 _hV:71:f, Q2
_cTEXL
_2CC
999 _c135749
_d135749